[Event "Reykjavik op"]
[Site "Reykjavik"]
[Date "2014.03.06"]
[Round "4"]
[White "Wunnink, Michael"]
[Black "Roets, Marius H"]
[Result "1-0"]
[WhiteElo "2251"]
[BlackElo "1437"]
[PlyCount "69"]
[EventDate "2014.03.04"]
[EventType "swiss"]
[EventRounds "10"]
[EventCountry "ISL"]
[SourceTitle "CBM 159 Extra"]
[Source "ChessBase"]
[SourceDate "2014.04.24"]
[SourceVersion "1"]
[SourceVersionDate "2014.04.24"]
[SourceQuality "1"]

1. d4 Nf6 2. c4 g6 3. Nc3 Bg7 4. e4 d6 5. f3 0-0 6. Nge2 a6 7. Be3 c6 8. c5 b5 9. cxb6 Qxb6 10. Qd2 a5 11. Nf4 Ba6 12. Bxa6 Qxa6 13. Nd3 Nbd7 14. 0-0 e5 15. dxe5 dxe5 16. Na4 Rfd8 17. Qc2 Bf8 18. Rac1 Rac8 19. Qc4 Qb5 20. Rc2 Kg7 21. Rfc1 Qxc4 22. Rxc4 Ne8 23. Rxc6 Rxc6 24. Rxc6 Nb8 25. Rc3 f6 26. Bb6 Rd6 27. Bxa5 Ra6 28. b4 Bxb4 29. Bxb4 Rxa4 30. a3 Nd7 31. Rc8 Kf7 32. Nb2 Ra7 33. Nc4 Nc7 34. Nd6+ Kg7 35. Rxc7 1-0

[Event "Reykjavik op"]
[Site "Reykjavik"]
[Date "2014.03.05"]
[Round "2"]
[White "Hauge, Lars Oskar"]
[Black "Roets, Marius H"]
[Result "1-0"]
[WhiteElo "2308"]
[BlackElo "1437"]
[PlyCount "59"]
[EventDate "2014.03.04"]
[EventType "swiss"]
[EventRounds "10"]
[EventCountry "ISL"]
[SourceTitle "CBM 159 Extra"]
[Source "ChessBase"]
[SourceDate "2014.04.24"]
[SourceVersion "1"]
[SourceVersionDate "2014.04.24"]
[SourceQuality "1"]

1. e4 c5 2. Nf3 g6 3. d4 cxd4 4. Nxd4 Nc6 5. c4 Nf6 6. Nc3 d6 7. Nc2 Bg7 8. Be2 0-0 9. 0-0 Nd7 10. Bd2 a5 11. Na3 Nc5 12. Nab5 Nd4 13. Nxd4 Bxd4 14. Bh6 Bxc3 15. bxc3 Re8 16. Qd4 e5 17. Qe3 Be6 18. f4 exf4 19. Qd4 f6 20. Rxf4 Qe7 21. Rxf6 Rac8 22. Raf1 Rc7 23. e5 dxe5 24. Qxe5 Bf5 25. Qxe7 Rcxe7 26. Bf3 Re1 27. Bd5+ Kh8 28. Rf8+ Rxf8 29. Rxe1 Rc8 30. Re7 1-0